| 000 | 00699nam a2200193 4500 | ||
|---|---|---|---|
| 001 | 144347 | ||
| 003 | ES-MaACL | ||
| 005 | 20250804023808.0 | ||
| 007 | t| | ||
| 008 | 070214s1984 sp r ||||1| spa d | ||
| 245 | 0 | 3 |
_aUn siglo de pintura cordobesa _b: (1791-1891) : exposición / _ctextos de Mercedes Valverde Candil, Francisco Zueras Torrens. |
| 260 |
_aCórdoba : _bDiputación Provincial, _c1984. |
||
| 300 |
_a87 h., con lám. ; _c28 cm. |
||
| 700 | 1 |
_aValverde Candil, Mercedes. _9113017 |
|
| 700 | 1 |
_aZueras Torrens, Francisco, _d1918-1992 _9118428 |
|
| 710 | 1 |
_aCórdoba (Provincia). _bDiputación Provincial. _93299 |
|
| 852 |
_aES-MaACL _jL-7255 _bR.107902 |
||
| 999 |
_c144347 _d144347 |
||